رحيق العمر / (Record no. 13428)

MARC details
000 -الفاتح
حقل البيانات ثابتة الطول 00949nam a2200277 i 4500
003 - محدد رقم الضبط
رقم الضبط EG-ScBUE
005 - وقت وتاريخ اخر تعامل مع التسجيلة
رقم الضبط 20240708084701.0
008 - عناصر البيانات ثابتة الطول - معلومات عامة
حقل البيانات ثابتة الطول 100218s2010 ua o f 000 1aaara d
017 ## - رقم الإيداع القانونى
رقم الإيداع القانونى 2010 / 1758
020 ## - الرقم الدولى المعيارى للكتب
الرقم الدولى المعيارى للكتاب 9789770927521
040 ## - مصدر الفهرسة
وكالة الفهرسة الأصلية EG-ScBUE
لغة الفهرسة ara
قواعد الوصف rda
وكالة النسخ EG-ScBUE
وكالة التعديل EG-ScBUE
082 04 - رقم تصنيف ديوى العشرى
رقم الطبعة 22
رقم التصنيف 928.162
رقم المادة أ م ي
100 1# - المدخل الرئيسى - إسم شخصى
9 (RLIN) 11509
الإسم الشخصى أمين، جلال،
التواريخ المصاحبة للاسم 1935-‏
الدور مؤلف.
245 10 - بيان العنوان
العنوان رحيق العمر /
بيان المسئوليه,etc جلال أمين.
250 ## - بيان الطبعة
بيان الطبعة الطبعة الأولى.
264 #1 - النشر، التوزيع
مكان الناشر او الموزع القاهرة :
اسم الناشر او الموزع دار الشروق،
تاريخ النشر أو التوزيع 2010.
300 ## - الوصف المادى
التعداد 461 صفحة :
تفاصيل ماديه اخرى للوعاء صور ؛
أبعاد الوعاء 24 سم
336 ## - نوع المحتوى
source rdacontent
Carrier Type Term نص
Content Type Code txt
337 ## - نوع الوسيط
Media Type Term بدون وسيط
source rdamedia
Media Type Code n
338 ## - نوع الحامل أو الناقل
Carrier Type Term مجلد
Carrier Type Code nc
source rdacarrier
500 ## - تبصرة عامة
تبصرة عامة يشتمل على ملاحق.
600 17 - المدخل الاضافى بالموضوع-اسم شخصى
9 (RLIN) 11527
الإسم الشخصى أمين، جلال،
التواريخ المصاحبة للاسم 1935-
مصدر الرأس أو المصطلح BUEsh
650 #7 - المدخل الاضافى بالموضوع-مصطلح موضوعى
9 (RLIN) 11526
مصطلح موضوعي أو اسم جغرافي كعنصر مدخل الأدباء المصريون
التقسيم الفرعي الشكلي تراجم.
مصدر الرأس أو المصطلح BUEsh
655 ## - مصطلح تكشيفى-نوع/شكل
التقسيم الفرعي الشكلي Reading book
942 ## - عناصر المدخل الإضافي( كوها)
مصدر التصنيف او مخطط الترفيف Dewey Decimal Classification
Koha [default] item type Book - Borrowing
Holdings
حالة التراجع حالة الفقد مصدر التصنيف او خطة الترفيف حالة تلف ليس للاعارة مجموعات كوها المكان الدائم المكان الحالي موقع الترفيف تاريخ الاكتساب Source of acquisition سعر الشراء الطبيعي تعداد مسلسل / التسلسل الزمني رقم الاستدعاء الباركود Date last seen مُعار نوع الوعاء
    Dewey Decimal Classification     Alahram Central Library Central Library Second Floor 18/02/2010 Purchase 55.00 1 928.162 أ م ي 000019709 05/10/2025 20/02/2025 Book - Borrowing